| 000 | 01591nam0a22002531 4500 | ||
|---|---|---|---|
| 001 | rc\323226 | ||
| 005 | 20260407131028.0 | ||
| 035 | _a(NLR Aleph) 005557363 | ||
| 090 |
_a5874524 _c5874524 |
||
| 100 | _a20030307d1989 |||y0rusy50 ca | ||
| 101 | 0 | _arus | |
| 102 | _aRU | ||
| 105 | _ay ||||||||| | ||
| 200 | 1 |
_aХозяйственный расчет, самоокупаемость и самофинансирование - методы эффективного хозяйствования _eМетод. рекомендации для пропагандистов-преподавателей произв.-экон. семинаров, руководителей и специалистов об-ний и предприятий обществ. питания по курсу "Хоз. расчет и самоуправление труд. коллектива в обществ. питании" _f[Разраб. К.Н. Пашковой] |
|
| 210 |
_aМ. _cБ. и. _d1989 |
||
| 215 |
_a24 с. _d20 |
||
| 225 | 1 |
_aСистема производственно-экономической учебы _fЦентросоюз СССР. Совет по произв.-экон. обучению. Центр. учеб.-метод. каб. |
|
| 702 | 1 |
_aПашкова _bК.Н. _gКлавдия Николаевна _4570 |
|
| 712 | 0 | 2 |
_aЦентросоюз _bСовет по производственно-экономическому обучению _9458120 _3RU\NLR\AUTH\889980954 |
| 801 | 0 |
_aRU _bNLR _gpsbo |
|
| 801 | 1 |
_aRU _bELAR _2rusmarc |
|
| 852 |
_aNLR _j89-4/17880 |
||
| 942 | _cBOOK | ||
| 980 | _aNB | ||